| 000 | 00620nam a2200217Ia 4500 | ||
|---|---|---|---|
| 005 | 20250425162835.0 | ||
| 008 | 250425s9999 xx 000 0 und d | ||
| 020 | _a9781107682177 | ||
| 041 | _aeng | ||
| 082 |
_a658.408 _pGRI |
||
| 100 | _aGriffin, Jennifer J. | ||
| 245 | 0 |
_aManaging corporate impacts _bCo-creating value _cJennifer J. Griffin |
|
| 260 |
_aNew York _bCambridge University Press _c2016 |
||
| 300 | _a340 páginas | ||
| 650 | _aGobierno corporativo | ||
| 650 | _aMultiplicador (Economía) | ||
| 650 | _aResponsabilidad social de empresas | ||
| 650 | _aValor | ||
| 942 | _c01 | ||
| 010 | _a112346 | ||
| 999 |
_c237514 _d237514 |
||